Industrial and labor relations review

Na minha lista:
Detalhes bibliográficos
Formato: Periódico
Idioma:inglês
Publicado em: Ithaca Cornell university 1975
Tags: Adicionar Tag
Sem tags, seja o primeiro a adicionar uma tag!

MARC

LEADER 00000nas2a2200000 4500
001 0016245
005 20250730114343.7
041 0 |a eng 
044 |a US 
245 1 0 |a Industrial and labor relations review 
264 1 |a Ithaca  |b Cornell university  |c 1975 
300 |a 1 zv. 
773 0 |w eu_un_cat*s121585